000 00744nam a2200229 a 4500
001 000038893
005 20240530073921.0
008 130311s2007 dr 000 f spa d
040 _aDO-SdBNP
_bspa
_cBNPHU
082 _aRD863.44
_bM828c, 2007
100 1 _aMorale, Jesús
_965164
245 1 0 _aCondenados a vivir /
_cJesús Morales.
246 1 4 _aCondenados a vivir :
_buna historia de amor
250 _a8a. ed.
260 _aSanto Domingo :
_bCentenario,
_c2007.
300 _a100 p. ;
_c22 cm.
500 _aIncluye datos biográficos del autor en la solapa de la cubierta
590 _aInventariado, 2019/BT
650 0 _aNovela dominicana
_9223
650 0 _aLiteratura dominicana.
_967
910 _aValidado. Control de calidad MFF
999 _c38383
_d38383